000
002850000a22000970004500
100
1
_a
Gesteira Garza, Manuel
245
1
0
_a
Jesús el Kyrios : Los inicios de una teología de la trinidad
300
_a
vol. 57, núm 1 (1999), Páginas 331-359
773
0
_t
Estudios Bíblicos
942
_c
ANA
999
_c
50292
_d
50292